Catalan electoral abstention: a critical review

Збережено в:
Бібліографічні деталі
Формат: Текст
Предмети:
Теги: Додати тег
Немає тегів, Будьте першим, хто поставить тег для цього запису!

MARC

LEADER 00000 a a2200000 04500
001 18935
003
040
245 |a Catalan electoral abstention:   |b a critical review 
650 |a ABSTENCIONISMO ELECTORAL  
650 |a AUTONOMIA ADMINISTRATIVA  
650 |a INVESTIGACION  
650 |a COMPORTAMIENTO POLITICO  
650 |a ESPAÑA  
650 |a ABSTENCIONISMO ELECTORAL  
773 |g número 7; 11-39 páginas  
999 |c 31144  |d 31144